000 00227nam a22000857a 4500
008 161020b xxu||||| |||| 00| 0 eng d
100 _9896
_aVohra.V.R.
245 _aModern Cookery Book
260 _aHyderabad
_bPustak Publications
_c2006
999 _c3550
_d3550